Statistics for 2013 Oakland Athletics

Click here to take the quiz!

General Stats

  • This quiz has been taken 53 times
  • The average score is 12 of 27

Answer Stats

Hint Answer % Correct
20Josh Donaldson
90%
4Coco Crisp
88%
16Josh Reddick
85%
52Yoenis Cespedes
80%
37Brandon Moss
73%
26Eric Sogard
68%
8Jed Lowrie
63%
50Grant Balfour
60%
36Derek Norris
60%
40Bartolo Colon
53%
62Sean Doolittle
53%
11Jarrod Parker
50%
49Brett Anderson
48%
5John Jaso
40%
57Tommy Milone
40%
48Ryan Cook
38%
15Seth Smith
33%
64AJ Griffin
30%
60Jesse Chavez
30%
17Adam Rosales
28%
13Jerry Blevins
28%
7Nate Freiman
25%
25Chris Young
23%
67Dan Straily
20%
47Pat Neshek
8%
39Hideki Okajima
5%
22Luke Montz
5%

Score Distribution

Percentile by Number Answered

Percent of People with Each Score

Your Score History

You have not taken this quiz